L'oeuvre de Dieu, la part du Diable

Αποθηκεύτηκε σε:
Λεπτομέρειες βιβλιογραφικής εγγραφής
Κύριος συγγραφέας: Irving, John, 1942-
Μορφή: Βιβλίο
Γλώσσα:French
English
Δημοσίευση: Paris : Editions du Seuil, 1995
Θέματα:
Ετικέτες: Προσθήκη ετικέτας
Δεν υπάρχουν, Καταχωρήστε ετικέτα πρώτοι!

MARC

LEADER 00000cam a2200000 i 4500
001 1/5940
008 100322s1995 fre d
020 |a 2-02-025780-7 
035 |l 10107339 
040 |a GR-MY-UA  |b gre  |e aacr 
041 0 |a fre  |h eng 
082 0 |a 813  |2 (22) 
100 1 |a Irving, John,   |d 1942- 
245 1 0 |a L'oeuvre de Dieu, la part du Diable /  |c John Irving ; traduit de l'americain par Francoise et Guy Casaril 
260 |a Paris :   |b Editions du Seuil,   |c 1995 
300 |a 733 σ.;  |c 18 εκ. 
500 |a Τίτλος πρωτοτύπου: The cider house rules 
650 0 0 |a American fiction  |y 20th century. 
852 |a INST  |b SYROS  |e 20100322  |h 813 IRV  |p 005500007737  |q 005500007737  |t BK  |y 0 
901 |a BIBL5-2010-1 
909 |a Ε  |b 160329 
970 |a ΚΟΝΤΟΥ  |b ΠΑΡΑΣΚΕΥΗ  |z 2010/03/22